000 01411cam a2200157 4500500
005 20251214030848.0
041 _afre
042 _adc
100 1 0 _aClaude, Viviane
_eauthor
245 0 0 _aFront matter
260 _c2025.
500 _a42
520 _aResidential and mobility trajectories have been analysed in research, and links between these two concepts have been identified in order to understand the choices people make. This article extends these reflections to investigate whether residential trajectories can explain the propagation of the use of a travel mode. The aim is to find out whether residential trajectories support the spread of cycling in the Île-de-France region. This research, based on the study of semi-directive interviews carried out in 2018 and 2019 which explored the residential trajectories and bicycle use of people living in Paris’s inner suburbs, shows that centrifugal residential dynamics contribute to the development of cycling according to this same trend. The development of bicycle use from the centre to the periphery of the Paris metropolitan area can be explained in particular by the import of travel practices as well as by the spread of citizen mobilisation.
786 0 _nEspaces et sociétés | 195 | 2 | 2025-09-23 | p. 1-6 | 0014-0481
856 4 1 _uhttps://shs.cairn.info/journal-espaces-et-societes-2025-2-page-1?lang=en&redirect-ssocas=7080
999 _c1574320
_d1574320